Adoȯ̂. Aspectos jurd̕icos, prt̀icos e efetivos

Bibliographic Details
Main Author: Ferraz de Oliveira, Hľio
Format: Book
Language:Portuguese
Published: Brasil Editora Mundo Jurd̕ico 2014
Subjects:
Online Access:Acceso restringido

MARC

LEADER 00000nam a22000007a 4500
005 20160309132942.0
007 cr|||| ||u|
008 160309s2014 bl ||||| |||| 00||0 por d
020 |a 978-85-8085-058-1 
035 |a 14003 
040 |a vLex  
090 |c 5957  |d 5957 
100 1 |a Ferraz de Oliveira, Hľio  
245 1 0 |a Adoȯ̂. Aspectos jurd̕icos, prt̀icos e efetivos  |h [Recureso electrn̤ico] /  |c Hľio Ferraz de Oliveira  
256 |a Servicio en ln̕ea  
260 |a Brasil   |b Editora Mundo Jurd̕ico  |c 2014 
300 |a 1 recurso electrn̤ico ( 1® Ediȯ̂ 204 pg̀s.) 
506 1 |a Contenido solo disponible en los productos indicados  |d vLex Global  |d vLex Global (Academic Edition, excluding Law Schools)  |d vLex Global (U.S. Academic Edition, Law Schools)  |d vLex Global (U.S. Academic Edition, excluding Law Schools)  |d vLex Global (Academic Edition, Law Schools) 
650 0 4 |a Derecho  |z Brasil 
740 0 |a vLex libros (servicio en ln̕ea)  
856 4 0 |u http://vlex.com/source/ado-o-14003  |z Acceso restringido  
942 |c BOOK 
999 0 |a Law